Welcome to the Holygrace Academy Library

Please use search bar below to get started

KERALATHINTE SWANTHAM KALAKAL (Record no. 1044)

MARC details
000 -LEADER
fixed length control field 00332nam a22001337a 4500
020 ## - INTERNATIONAL STANDARD BOOK NUMBER
ISBN 978-81-226-0951-6
082 ## - DEWEY DECIMAL CLASSIFICATION NUMBER
Classification number 894.812
Item number SRE/K
100 ## - MAIN ENTRY--AUTHOR NAME
Personal name SREERANGAM.M.K.SREEDHARAN
245 ## - TITLE STATEMENT
Title KERALATHINTE SWANTHAM KALAKAL
260 ## - PUBLICATION, DISTRIBUTION, ETC. (IMPRINT)
Place of publication THICHUR
Name of publisher CURRENT BOOKS
Year of publication 2012
300 ## - PHYSICAL DESCRIPTION
Number of Pages 262
650 ## - SUBJECT ADDED ENTRY--TOPICAL TERM
Topical Term GENERAL KNOWLEDGE
Geographic subdivision KERALA
942 ## - ADDED ENTRY ELEMENTS (KOHA)
Koha item type Books
Holdings
Withdrawn status Lost status Collection code Home library Current library Shelving location Date acquired Source of acquisition Cost, normal purchase price Full call number Accession Number Koha item type
    Reference Main Library Main Library   11/10/2012 purchase 160.00 894.812 SRE/K 02745 Books